Word Ladder: Mean Girls at the Gym Quiz Stats

Quiz Updated Sep 21, 2017

Challenge
Share
Tweet
Embed
Score 0/18 Timer 02:00
0 Plays Today
Clue Word % Correct
Bike tire inflatorPUMP
97.7%
'21 ___ Street' (Movie & TV Series)
[1] + [6] Double Dutch need
•JUMP•
96.7%
Vatican's headPOPE
93.7%
Homer Simpson's sonBART
92.5%
Springsteen song: '___ to Run'BORN
92.1%
Dog yells around a tree?BARK
90.7%
Gym class dangler
[6] + [12] Tug-of-war mishap
•ROPE•
90.4%
Go up in flames
[12] + [18] Mean Girl's reading
•BURN•
89%
Took an UberRODE
88.9%
Clue Word % Correct
___ and circumstancePOMP
88.6%
Reynolds, Lancaster, or Macklin, e.g.BURT
86.9%
Library checkout item
[12] + [18] Mean Girl's reading
•BOOK•
84.6%
To write softwareCODE
83.5%
Apple or pear, for onePOME
82.5%
Beatles song: '___ in the U.S.S.R'BACK
79%
Pierced to make a holeBORE
79%
Abdominals, to a jockCORE
74.8%
Dark, strong lagerBOCK
72.5%

Today's Daily Dose

Word Ladder
'90s Movies

Quick Pick
'Fire' Movies

On This Day
June 19th II

You're not logged in!

Compare scores with friends on all Sporcle quizzes.
Join for Free
OR
Log In

You Might Also Like...

Show Comments

Extras

Top Quizzes Today


Score Distribution

Your Account Isn't Verified!

In order to create a playlist on Sporcle, you need to verify the email address you used during registration. Go to your Sporcle Settings to finish the process.

Report this User

Report this user for behavior that violates our Community Guidelines.

Details: